[Event "Let's Play Chess!"]
[Site "http://www.queenalice.com/game.php?id=170783"]
[Date "2007.2.18"]
[Round "-"]
[White "Slazenger"]
[Black "MKF"]
[Result "0-1"]
[WhiteElo "1153"]
[BlackElo "840"]

1. d4 Nf6 2. f3 d5 3. Nc3 e6 4. e3 c5 5. Bb5+ Bd7 6. a4 Bxb5 7. Nxb5 a6 8. Nc3
Bd6 9. dxc5 Bxc5 10. Qd2 O-O 11. Nge2 Nh5 12. g3 Nc6 13. b3 Ne5 14. Rf1 Qf6 15.
f4 Ng4 16. h3 Nxe3 17. Ba3 Nxf1 18. Bxc5 Nxd2 19. Bxf8 Kxf8 20. Kxd2 Rc8 21. g4
Nxf4 22. Rf1 g5 0-1

[Event "Challenge"]
[Site "http://www.queenalice.com/game.php?id=171146"]
[Date "2007.2.19"]
[Round "-"]
[White "MKF"]
[Black "NaSEscobar"]
[Result "0-1"]
[WhiteElo "970"]
[BlackElo "1168"]

1. e4 e5 2. Bc4 Qf6 3. d3 Bc5 4. Nf3 a6 5. O-O b5 6. Bg5 Qg6 7. Bb3 Nh6 8. Qd2
Ng4 9. Nc3 Nc6 10. Nd5 Qd6 11. Qa5 Nxa5 12. c3 Nxb3 13. axb3 h6 0-1

[Event "Challenge"]
[Site "http://www.queenalice.com/game.php?id=171309"]
[Date "2007.2.20"]
[Round "-"]
[White "MKF"]
[Black "Slazenger"]
[Result "1-0"]
[WhiteElo "1045"]
[BlackElo "1037"]

1. d4 d5 2. Nf3 f6 3. c4 dxc4 4. e4 Nc6 5. Bxc4 e5 6. d5 Nce7 7. Nxe5 fxe5 8.
Qh5+ Ng6 9. Bg5 Be7 10. Bxe7 Nxe7 11. O-O c6 12. dxc6 bxc6 13. Rd1 Qb6 14. b3
Rf8 15. Qxh7 Qxf2+ 16. Kh1 Nh4 17. Qh5+ g6 18. Qg5 Rf4 19. Rg1 Rxe4 20. Nc3 Rd4
21. Qxe5 Rg4 22. Raf1 Qd4 23. Qxd4 Rxd4 24. Rf6 Bb7 25. Rgf1 Nef5 26. Re1+ Kd7
27. Rf7+ Kc8 28. Re8+ Rd8 29. Be6+ 1-0

[Event "Challenge"]
[Site "http://www.queenalice.com/game.php?id=171360"]
[Date "2007.2.20"]
[Round "-"]
[White "MKF"]
[Black "mogerio"]
[Result "0-1"]
[WhiteElo "1236"]
[BlackElo "1046"]

1. Nf3 Nc6 2. d4 Nf6 3. c4 Nb4 4. Nc3 d6 5. e4 Be6 6. Be2 Qd7 7. O-O d5 8. a3
Na6 9. cxd5 Bg4 10. Ne5 Qd6 11. Nxg4 Nxg4 12. Bxg4 e6 13. dxe6 fxe6 14. Be3 Be7
15. f4 Rf8 16. f5 exf5 17. Bxf5 Rd8 18. Bxh7 Rf6 19. e5 Qe6 20. exf6 Qxf6 21.
Rxf6 Bxf6 22. Nb5 c6 23. Nxa7 Ra8 24. Nxc6 bxc6 25. Qh5+ g6 26. Qxg6+ Ke7 27. d5
cxd5 28. Re1 Bxb2 29. Bd4+ Kd8 30. Bxb2 Nc5 0-1

[Event "Let's Play Chess!"]
[Site "http://www.queenalice.com/game.php?id=171819"]
[Date "2007.2.21"]
[Round "-"]
[White "MKF"]
[Black "trallala"]
[Result "0-1"]
[WhiteElo "1077"]
[BlackElo "1328"]

1. Nf3 Nf6 2. c4 g6 3. d4 Bg7 4. Nc3 d5 5. e3 O-O 6. Qb3 c6 7. Bd3 Nbd7 8. c5
Ne8 9. O-O e5 10. Ne1 e4 11. Nxe4 dxe4 12. Bxe4 Ndf6 13. Bd3 Nc7 14. f4 Qd5 15.
Qc2 Bf5 16. Bxf5 Qxf5 17. Qxf5 gxf5 18. Nf3 Ne4 19. Bd2 Nd5 20. Rfe1 Rfe8 0-1

[Event "Fast Chess"]
[Site "http://www.queenalice.com/game.php?id=171826"]
[Date "2007.2.21"]
[Round "-"]
[White "TheTruth"]
[Black "MKF"]
[Result "0-1"]
[WhiteElo "1056"]
[BlackElo "1061"]

1. e4 e5 2. d4 exd4 3. Qxd4 Nc6 4. Qe3 Bb4+ 5. c3 Ba5 6. Bc4 Nf6 7. Nd2 Bb6 8.
Qg3 O-O 9. e5 Nh5 10. Qg4 g6 11. Ne4 d5 12. Nf6+ Nxf6 13. exf6 Bxg4 14. Be2 Bxe2
15. Nxe2 Qxf6 16. f3 Rfe8 17. Bh6 Qe6 18. O-O-O Qxe2 19. Rxd5 Be3+ 20. Kb1 Bxh6
0-1

[Event "Speed Chess"]
[Site "http://www.queenalice.com/game.php?id=172224"]
[Date "2007.2.22"]
[Round "-"]
[White "MKF"]
[Black "TheTruth"]
[Result "1-0"]
[WhiteElo "1106"]
[BlackElo "1007"]

1. e4 e5 2. Nf3 d5 3. d3 dxe4 4. dxe4 Qxd1+ 5. Kxd1 Nc6 6. Bb5 Bd6 7. Bxc6+ bxc6
8. Be3 Nf6 9. Nbd2 O-O 10. h3 Rb8 11. b3 c5 12. Ke2 Ba6+ 13. c4 h6 14. g3 Rfd8
15. h4 Ng4 16. Nb1 Rb4 17. Bd2 Rb6 18. Nc3 c6 19. Rab1 Bc7 20. Na4 Rbb8 21. Nxc5
Rb6 22. a4 Bc8 23. Ba5 Rxb3 24. Nxb3 Bxa5 25. Nxa5 Nf6 26. Nxc6 Rd7 27. Nfxe5
Rc7 28. f3 Bd7 29. Ne7+ Kf8 30. Nd5 Nxd5 31. Nxd7+ Rxd7 32. cxd5 Kg8 33. Rb8+
Kh7 34. Rc1 Kg6 35. g4 h5 36. g5 Kh7 37. Rc6 f6 38. gxf6 g6 39. Rcc8 g5 40. hxg5
h4 41. Rh8+ Kg6 42. Rxh4 Kxg5 43. Rg4+ Kxf6 44. f4 Rh7 45. Kd3 a6 46. Rb6+ 1-0

[Event "Vamos Jogar Xadrez ?!"]
[Site "http://www.queenalice.com/game.php?id=172682"]
[Date "2007.2.22"]
[Round "-"]
[White "tiagohi"]
[Black "MKF"]
[Result "1-0"]
[WhiteElo "1145"]
[BlackElo "1236"]

1. e4 e5 2. Qf3 Nf6 3. g4 h6 4. h4 d6 5. g5 hxg5 6. hxg5 Rxh1 7. Qxh1 Ng4 8. d3
Nc6 9. Na3 Nb4 10. f3 Nf2 11. Kxf2 Bd7 12. Ne2 Ba4 13. Bh3 Nxc2 14. Nxc2 Bxc2
15. Be3 Be7 16. Bg4 Bxd3 17. Qh7 Bf8 18. Rh1 Bb5 19. g6 Qf6 20. Bh5 O-O-O 21.
Bxa7 d5 22. Ng3 Bc5+ 23. Bxc5 dxe4 24. Nxe4 Qc6 25. gxf7 Bd3 26. Ba7 Qc2+ 27.
Kg3 1-0

[Event "Challenge"]
[Site "http://www.queenalice.com/game.php?id=173301"]
[Date "2007.2.24"]
[Round "-"]
[White "mizu"]
[Black "MKF"]
[Result "1-0"]
[WhiteElo "1342"]
[BlackElo "1212"]

1. e4 e5 2. Nf3 Nc6 3. Bb5 a6 4. Bxc6 dxc6 5. O-O Bd6 6. Nc3 Bg4 7. d3 Nf6 8. a3
O-O 9. b4 c5 10. b5 axb5 11. Nxb5 Qd7 12. Nxd6 cxd6 13. h3 Bxh3 14. gxh3 Qxh3
15. Ng5 Qh4 16. Qf3 Ng4 17. Qg2 f6 18. Nf3 Qh5 19. Rb1 Rab8 20. Rb6 Rfd8 21. Nh2
Nxh2 22. Qxh2 Qg4+ 23. Qg2 Qxg2+ 24. Kxg2 h5 25. f4 Kh7 26. fxe5 fxe5 27. Rf7
Kg6 28. Rbxb7 1-0

[Event "Challenge"]
[Site "http://www.queenalice.com/game.php?id=173587"]
[Date "2007.2.25"]
[Round "-"]
[White "MKF"]
[Black "markp"]
[Result "0-1"]
[WhiteElo "1145"]
[BlackElo "1231"]

1. e4 e5 2. Nf3 Nc6 3. Bb5 Nf6 4. O-O Nxe4 5. d4 exd4 6. Nxd4 a6 7. Bxc6 dxc6 8.
Re1 f5 9. f3 Bc5 10. fxe4 Bxd4+ 11. Kh1 O-O 12. c3 Bf2 13. Re2 Qxd1+ 0-1